Unhappy union : how the euro crisis-and Europe-can be fixed

Bibliographic Details
Main Author: Peet, John
Other Authors: La Guardia, Anton
Format: Book
Published: London : Profile Books Ltd , 2014
Subjects:

MARC

LEADER 00000cam a2200000 7i4500
001 0000188650
005 20141106.0
020 |a 9781781252925 
090 0 0 |a 337.142   |b PEE 
100 1 |a Peet, John 
245 0 0 |a Unhappy union :   |b how the euro crisis-and Europe-can be fixed   |c John Peet and Anton La Guardia 
260 |a London :   |b Profile Books Ltd ,   |c 2014 
300 |a 220p. ;   |c 22cm. 
650 0 0 |a Monetary policy   |z European Union countries 
651 0 |a European Union countries   |x Economic integration 
651 0 |a European Union countries   |x Economic policy 
700 1 |a La Guardia, Anton 
999 |a 00300332   |b BUKU   |c PINJAMAN   |e PERPUSTAKAAN KOMUNITI PETALING JAYA